Κατάλογος Βιβλιοθηκών Mediterranean College

Ηλεκτρονικός Υπολογιστής / Μια... Κατάδυση ως τον Πυθμένα (Record no. 598)

MARC details
000 -LEADER
fixed length control field 01671cam a22002054a 4500
005 - ΗΜΕΡΟΜΗΝΙΑ ΚΑΙ ΩΡΑ ΤΕΛΕΥΤΑΙΑΣ ΕΝΗΜΕΡΩΣΗΣ
Πεδίο ελέγχου 20250605163940.0
008 - FIXED-LENGTH DATA ELEMENTS--GENERAL INFORMATION
Πεδίο ελέγχου σταθερού μήκους 250528s ||||||||||||||||||||||||d
035 ## - SYSTEM CONTROL NUMBER
System control number 14990
020 ## - ISBN
ISBN 9600311722
040 ## - ΠΗΓΗ ΚΑΤΑΛΟΓΟΓΡΑΦΗΣΗΣ
Φορέας πρωτότυπης καταλογογράφησης MC Athens Campus Library
Γλώσσα καταλογογράφησης Ελληνικά, Μοντέρνα (1453-)
Modifying agency MC Athens Campus Library
Κανόνες περιγραφικής καταλογογράφησης AACR2
245 1# - ΤΙΤΛΟΣ ΚΑΙ ΔΗΛΩΣΗ ΥΠΕΥΘΥΝΟΤΗΤΑΣ
Τίτλος Ηλεκτρονικός Υπολογιστής / Μια... Κατάδυση ως τον Πυθμένα
260 ## - PUBLICATION, DISTRIBUTION, ETC.
Name of publisher, distributor, etc. Καστανιώτη,
Date of publication, distribution, etc. 1994
300 ## - PHYSICAL DESCRIPTION
Extent 488
520 ## - SUMMARY, ETC.
Summary, etc. Εισαγωγή, Ηλεκτρονικός Υπολογιστής και Πληροφορική, Η Εξέλιξη των Ηλεκτρονικών Υπολογιστών, Τα Συστήματα Αρίθμησης και η Κωδικοποίηση, Λογικές Πράξεις και Πύλες και Λογικά Κυκλώματα, Η Δομή και οι Κατηγορίες Η/Υ, Περιγραφή των Τμημάτων του Η/Υ, Η Λειτουργία του Η/Υ, Ο Μικρουπολογιστής, Οι Περιφερειακές Συσκευές, Οι Γλώσσες Προγραμματισμού και τα Προγράμματα Συστήματος Εφαρμογών - Το Λειτουργικό Σύστημα, Μέθοδοι Επεξεργασίας Η/Υ και Τεχνητή Νοημοσύνη, Επικοινωνίες και Δίκτυα, Η Αγορά Προσωπικού Η/Υ και το Λογισμικό Υποστήριξης, MS-DOS, OS/2, UNIX, MACINTOSH, WINDOWS-NT, Βιβλιογραφία.
700 1# - ΠΡΟΣΘΕΤΗ ΑΝΑΓΡΑΦΗ--ΦΥΣΙΚΟ ΠΡΟΣΩΠΟ
Personal name Ιωαννιδης Σ. Γ.Ιωαννίδης Σ. Γ
9 (RLIN) 814
700 1# - ΠΡΟΣΘΕΤΗ ΑΝΑΓΡΑΦΗ--ΦΥΣΙΚΟ ΠΡΟΣΩΠΟ
Personal name Παναγιωτακόπουλος Θ. Χ
9 (RLIN) 815
942 ## - ADDED ENTRY ELEMENTS (KOHA)
Koha item type Books
Holdings
Τύπος τεκμηρίου Βιβλιοθήκη Τρέχουσα τοποθεσία Barcode Αριθμός εισαγωγής Ημερομηνία απόκτησης Ταξιθετικό σύμβολο Αριθμός αντιτύπου Κατάσταση απόσυρσης Κατάσταση χαμένου Κατάσταση κατεστραμμένου Μη δανεισμός Σύνολο δανεισμών Ημερομηνία τελευταίας εμφάνισης Η τιμή ισχύει από
Books MC Athens Campus Library MC Athens Campus Library 9780000005977 1215 05/06/2025 004 IOA 2           05/06/2025 05/06/2025

MC Athens Campus Library
Πατησίων 94 & Κοδριγκτώνος 13, 104 34
Πελλήνης 8 & Πατησίων 107, 112 51
Τ: +30 210 8899600

MC Thessaloniki Campus Library
Ίωνος Δραγούμη 21, 54625 | Ίωνος Δραγούμη 15, 54625
Τ: +30 2310 287779 – Τ: +30 2314 440300